Представление документа в формате RUSMARC

ПолеНазваниеЗначение
  Тип записи a
  Библиографический уровень c
001 Контрольный номер RU/SLIB/B/208774805
005 Дата корректировки 20250205102152.7
010 Индекс ISBN __
d Цена 1-20
101 Язык документа 0_
a Язык текста rus
200 Заглавие и сведения об ответственности 1_
a Заглавие Избранное
f Первые сведения об ответственности И. А. Гофф ; предисл. Е. Сидорова
b Общее обозначение материала Текст
e Сведения, относящиеся к заглавию рассказы и повести
210 Выходные данные 1_
a Место издания М.
c Издательство Худож. лит.
d Дата издания 1979
215 Физическое описание __
a Объем 256 с.
606 Тематические рубрики __
a Основная рубрика Художественная литература
y Географическая подрубрика РФ; Россия
606 Тематические рубрики __
a Основная рубрика Русская литература XX в. (произведения)
610 Ключевые слова 0_
a Ключевые слова рассказы; повести; прозаики; писатели
686 Индексы других классификаций __
a Классификационный индекс 84(2Рос=Рус)6-4
700 Автор _1
a Фамилия Гофф
b Имя И. А.
4 Код отношения 070
702 Вторичная интеллектуальная ответственность _1
a Фамилия Сидоров
b Имя Е.
4 Код отношения Автор предисловия и т.д.
4 Код отношения 080
801 Источник записи _0
a Страна RU
b Организация Муниципальное бюджетное учреждение культуры "Централизованная библиотечная система" г. Сургут (Центральная городская библиотека им. А. С. Пушкина)
g Правила каталогизации КиК/Михайлова
801 Источник записи _1
a Страна RU
b Организация Муниципальное бюджетное учреждение культуры "Централизованная библиотечная система" г. Сургут (Центральная городская библиотека им. А. С. Пушкина)
g Правила каталогизации КиК/Михайлова
852 Данные о местонахождении __
j Шифр хранения 84(2Рос=Рус)6-4
i Авторский знак Г 74
p Инвентарный номер 38
901 Тип документа __
t Тип документа x
969 Тип издания __
a Тип издания сборник
990 Данные о заказе (DOS) __
j Количество экземпляров (DOS) 1
t N записи в КСУ для И/У (DOS) 199101